LEADER 01036nam a2200241 i 4500 001 991001820299707536 008 060828s2005 de a 00 0 ger d 020 $a3805334451 035 $ab13432151-39ule_inst 040 $aDip.to Filologia Class. e Scienze Filosofiche$bita 245 00$aVerschüttet vom Vesuv :$bdie letzten Stunden von Herculaneum /$cherausgegeben von Josef Mühlenbrock und Dieter Richter 246 30$aLetzten Stunden von Herculaneum 260 $aMainz am Rhein :$bvon Zabern,$c2005 300 $aXIX, 355 p :$bill. ;$c26 cm 651 4$aErcolano 700 1 $aMühlenbrock, Josef $eauthor$4http://id.loc.gov/vocabulary/relators/aut$0738344 700 1 $aRichter, Dieter 907 $a.b13432151$b02-04-14$c28-08-06 912 $a991001820299707536 945 $aLE007 700 MUH 01.01$g1$i2007000109090$lle007$nLE007 2006 Capasso$op$pE48.70$q-$rl$s- $t0$u2$v0$w2$x0$y.i14282264$z28-08-06 996 $aVerschüttet vom Vesuv$91462370 997 $aUNISALENTO 998 $ale007$b28-08-06$cm$da $e-$fger$gde $h0$i0